103 questions children ask about right from wrong / (Record no. 526)
[ view plain ]
| 000 -LEADER | |
|---|---|
| fixed length control field | 01142cam a2200301 a 4500 |
| 001 - CONTROL NUMBER | |
| control field | 3979360 |
| 003 - CONTROL NUMBER IDENTIFIER | |
| control field | Ke-BoTe |
| 005 - DATE AND TIME OF LATEST TRANSACTION | |
| control field | 20211129092148.0 |
| 008 - FIXED-LENGTH DATA ELEMENTS--GENERAL INFORMATION | |
| fixed length control field | 950605s1995 ilua 100 0 eng |
| 010 ## - LIBRARY OF CONGRESS CONTROL NUMBER | |
| LC control number | 95024130 |
| 020 ## - INTERNATIONAL STANDARD BOOK NUMBER | |
| International Standard Book Number | 0842345957 (pbk.) |
| 040 ## - CATALOGING SOURCE | |
| Original cataloging agency | DLC |
| Transcribing agency | DLC |
| Modifying agency | DLC |
| 050 00 - LIBRARY OF CONGRESS CALL NUMBER | |
| Classification number | BV1475.2 |
| Item number | .A18 1995 |
| 082 00 - DEWEY DECIMAL CLASSIFICATION NUMBER | |
| Classification number | 241/.07 |
| Edition number | 20 |
| 245 00 - TITLE STATEMENT | |
| Title | 103 questions children ask about right from wrong / |
| Statement of responsibility, etc. | written by David R. Veerman ... [et al.]. |
| 246 3# - VARYING FORM OF TITLE | |
| Title proper/short title | One hundred three questions children ask about right from wrong |
| 260 ## - PUBLICATION, DISTRIBUTION, ETC. | |
| Place of publication, distribution, etc. | Wheaton, Ill. : |
| Name of publisher, distributor, etc. | Tyndale House Publishers, |
| Date of publication, distribution, etc. | c1995. |
| 300 ## - PHYSICAL DESCRIPTION | |
| Extent | 1 v. (unpaged) : |
| Other physical details | ill. ; |
| Dimensions | 21 cm. |
| 650 #0 - SUBJECT ADDED ENTRY--TOPICAL TERM | |
| Topical term or geographic name entry element | Christian education of children. |
| 9 (RLIN) | 540 |
| 650 #0 - SUBJECT ADDED ENTRY--TOPICAL TERM | |
| Topical term or geographic name entry element | Christian ethics |
| General subdivision | Study and teaching. |
| 9 (RLIN) | 1215 |
| 650 #0 - SUBJECT ADDED ENTRY--TOPICAL TERM | |
| Topical term or geographic name entry element | Children |
| General subdivision | Conduct of life. |
| 9 (RLIN) | 1216 |
| 650 #0 - SUBJECT ADDED ENTRY--TOPICAL TERM | |
| Topical term or geographic name entry element | Children |
| General subdivision | Religious life. |
| 9 (RLIN) | 1217 |
| 650 #0 - SUBJECT ADDED ENTRY--TOPICAL TERM | |
| Topical term or geographic name entry element | Christian education |
| General subdivision | Home training. |
| 9 (RLIN) | 1218 |
| 700 1# - ADDED ENTRY--PERSONAL NAME | |
| Personal name | Veerman, David. |
| 9 (RLIN) | 1219 |
| 906 ## - LOCAL DATA ELEMENT F, LDF (RLIN) | |
| a | 7 |
| b | cbc |
| c | orignew |
| d | 1 |
| e | ocip |
| f | 19 |
| g | y-gencatlg |
| 942 ## - ADDED ENTRY ELEMENTS (KOHA) | |
| Source of classification or shelving scheme | Library of Congress Classification |
| Koha item type | Books |
| Suppress in OPAC | No |
| Withdrawn status | Lost status | Source of classification or shelving scheme | Damaged status | Not for loan | Collection code | Home library | Current library | Shelving location | Date acquired | Total Checkouts | Full call number | Barcode | Date last seen | Price effective from | Koha item type |
|---|---|---|---|---|---|---|---|---|---|---|---|---|---|---|---|
| Library of Congress Classification | Non-fiction | SCHOOL OF CHAPLAINCY | SCHOOL OF CHAPLAINCY | General Stacks | 29.11.2021 | BV1475.2.A18 1995 | 0611292021 | 29.11.2021 | 29.11.2021 | Books |
